Sentido de número e organização de dados (Registo nº 1149)

Detalhes MARC
000 -Etiqueta do registo
Cabeçalho 00959nam a2200301 i 4500
005 - Identificador da versão
Campo de controlo 20240813121827.0
010 ## - Número internacional normalizado dos livros (ISBN)
Número (ISBN) 9789727422784
021 ## - Número do Depósito Legal
Código do país PT
Número 274223/08
100 ## - Dados gerais de processamento
Dados gerais de processamento 20080326d2008 m a0pory5003 ba
102 ## - Pais de publicação ou produção
País de publicação Portugal
101 0# - Língua de publicação
Língua do texto, banda sonora, etc. Português
106 ## - Campo de dados codificados: material textual
Dados codificados do material textual r
105 ## - Campo de dados codificados: livros
Dados codificados dos livros y j 000yy
215 ## - Descrição física 
Indicação específica da natureza do documento e extensão da espécie 105 p.
Outras indicações físicas il.
Dimensões 27 cm
200 1# - Titulo e menção de responsabilidade
Título próprio Sentido de número e organização de dados
Informação de outro título textos de apoio para educadores de infância
Primeira menção de responsabilidade Joana Pacheco de Castro, Marina Rodrigues
210 ## - Publicação, Distribuição, etc. 
Lugar da edição, distribuição, etc. Lisboa
Nome do editor, distribuidor, etc. Direcção Geral de Inovação e de Desenvolvimento Curricular
Data da publicação, distribuição, etc. 2008
320 ## - Nota relativa a bibliografia e índices internos 
Texto da nota Bibliografia, p. 93
675 ## - Classificação Decimal Universal (CDU)
Notação 371.3(075)
Edição BN
Língua da edição por
Notação 373.2(469)
Edição BN
Língua da edição por
Notação 159.955(075)
Edição BN
Língua da edição por
701 #1 - Nome de autor-pessoa física (co-responsabilidade principal)
Palavra de ordem Rodrigues
Outra parte do nome não tomada para palavra de ordem Marina
Datas 1960-
Código de função Autor / Co-autor
700 #1 - Nome de autor-pessoa física (responsabilidade principal)
Número de registo de entrada de autoridade 0001593
Palavra de ordem Castro
Outra parte do nome não tomada para palavra de ordem Joana Pacheco de
Datas 1953-
900 ## -
-- BIBNAC
-- 20100312
942 ## - Elementos de entrada adicionados (Koha)
Tipo de item no Koha Livro
Exemplares
Situação do levantamento Origin of item (home branch) (coded) Biblioteca de empréstimo Código de barras Cota Circulation type (not for loan) Tipo de documento Nota do exemplar Damaged status
  Biblioteca Escolar Eng. Nuno Mergulhão Biblioteca Escolar Eng. Nuno Mergulhão BENM2095 37 EDU   Livro Sem mensagem